ბათუმის შოთა რუსთაველის სახელმწიფო უნივერსიტეტის ბიბლიოთეკა

Imperial gamble : (ბიბ.ჩანაწერი № 57899)

000 -LEADER
fixed length control field 00808cam a22002058i 4500
001 - CONTROL NUMBER
control field 18639082
005 - DATE AND TIME OF LATEST TRANSACTION
control field 20221110163947.0
008 - FIXED-LENGTH DATA ELEMENTS--GENERAL INFORMATION
fixed length control field 150601s2015 dcu b 001 0 eng
020 ## - INTERNATIONAL STANDARD BOOK NUMBER
International Standard Book Number 9780815726647x
041 ## - LANGUAGE CODE
Language code of text/sound track or separate title eng
080 ## - UNIVERSAL DECIMAL CLASSIFICATION NUMBER
Universal Decimal Classification number 323.173(477.470) k-17
100 1# - MAIN ENTRY--PERSONAL NAME
Personal name Kalb, Marvin L.
9 (RLIN) 10862
245 10 - TITLE STATEMENT
Title Imperial gamble :
Remainder of title Putin, Ukraine, and the new cold war /
Statement of responsibility, etc. Marvin Kalb.
264 #1 - PRODUCTION, PUBLICATION, DISTRIBUTION, MANUFACTURE, AND COPYRIGHT NOTICE
Place of production, publication, distribution, manufacture Washington, D.C. :
Name of producer, publisher, distributor, manufacturer Brookings Institution Press,
Date of production, publication, distribution, manufacture, or copyright notice 2015.
300 ## - PHYSICAL DESCRIPTION
Extent pages
Other physical details cm
600 10 - SUBJECT ADDED ENTRY--PERSONAL NAME
Personal name Putin, Vladimir Vladimirovich,
Dates associated with a name 1952-
9 (RLIN) 10863
653 ## - INDEX TERM--UNCONTROLLED
keyword საიმპერატორო Gamble: პუტინი, უკრაინა და ახალი ცივი ომი
653 ## - INDEX TERM--UNCONTROLLED
keyword mperial Gamble: Путин, Украина и новая холодная война
942 ## - ADDED ENTRY ELEMENTS (KOHA)
Source of classification or shelving scheme
Koha item type წიგნი
ეგზემპლარები
Withdrawn status Lost status Source of classification or shelving scheme Damaged status Not for loan Permanent Location Current Location Shelving location Date acquired Cost, normal purchase price Full call number Barcode Date last seen Copy number Price effective from Koha item type Public note
          ბათუმის შოთა რუსთაველის სახელმწიფო უნივერსიტეტის მთავარი ბიბლიოთეკა ბათუმის შოთა რუსთაველის სახელმწიფო უნივერსიტეტის მთავარი ბიბლიოთეკა წიგნსაცავი 2021-03-30 44.00 323.173(477.470) k-17 54074 2021-03-30 54074 2021-03-30 წიგნი 44.00 GEL.
          ბათუმის შოთა რუსთაველის სახელმწიფო უნივერსიტეტის მთავარი ბიბლიოთეკა ბათუმის შოთა რუსთაველის სახელმწიფო უნივერსიტეტის მთავარი ბიბლიოთეკა წიგნსაცავი 2021-03-30 44.00 323.173(477.470) k-17 54082 2021-03-30 54082 2021-03-30 წიგნი 44.00 GEL.